Top 30 : Dadju - Statistiques

Statistiques générales
  • Ce quiz a été pris 305 fois
  • Le résultat moyen est 14 sur 30
Statistiques - réponses
Top Titres Featuring % Correct
1 Reine
88%
4 I love you Tayc
76%
3 Grand bain Ninho
75%
11 Mon soleil Anitta
70%
6 Jaloux
69%
2 Meleğim Soolking
62%
8 Par amour GIMS
58%
5 Compliqué
57%
9 Bob Marley
52%
10 Dieu merci Tiakola
52%
12 Django Franglish
52%
15 Bébé MHD
48%
17 Ma vie
48%
23 Bella ciao Naestro, GIMS, Vitaa, Slimane
44%
28 Belle GIMS, Slimane
41%
13 Jamais Ninho
41%
16 Amour toxic
40%
25 Toko Toko Ronisia
39%
14 Oublie-le
35%
24 Lionne
34%
18 C'est pas bon Abou Debeing
32%
20 Muerte Landy
31%
7 DANÇARINA - Remix Pedro Sampaio, Anitta, Nicky Jam, Mc Pedrinho
30%
22 Dans mes bras Kendji Girac
29%
27 Sous contrôle Niska
29%
19 Donne-moi l’accord Burna Boy
28%
26 Terminal 2F GIMS
27%
29 Tu ne le vois pas GIMS
27%
21 Bobo au cœur
22%
30 Wouli Liya KALY, Soolking, Aymane Serhani
17%
Aucun quiz correspondant
Distribution des résultats
% des personnes avec chaque résultat
Percentile par nombre de réponses
Votre historique - résultats
Vous n’avez pas pris ce quiz